<?xml version="1.0" encoding="UTF-8"?><?xml-stylesheet type="text/xsl" href="static/style.xsl"?><OAI-PMH xmlns="http://www.openarchives.org/OAI/2.0/" xmlns:xsi="http://www.w3.org/2001/XMLSchema-instance" xsi:schemaLocation="http://www.openarchives.org/OAI/2.0/ http://www.openarchives.org/OAI/2.0/OAI-PMH.xsd"><responseDate>2026-06-07T19:58:47Z</responseDate><request verb="GetRecord" identifier="oai:docta.ucm.es:20.500.14352/6117" metadataPrefix="marc">https://docta.ucm.es/rest/oai/request</request><GetRecord><record><header><identifier>oai:docta.ucm.es:20.500.14352/6117</identifier><datestamp>2024-08-01T12:16:05Z</datestamp><setSpec>com_20.500.14352_14</setSpec><setSpec>col_20.500.14352_15</setSpec></header><metadata><record xmlns="http://www.loc.gov/MARC21/slim" xmlns:dcterms="http://purl.org/dc/terms/" xmlns:xsi="http://www.w3.org/2001/XMLSchema-instance" xmlns:doc="http://www.lyncode.com/xoai" xsi:schemaLocation="http://www.loc.gov/MARC21/slim http://www.loc.gov/standards/marcxml/schema/MARC21slim.xsd">
   <leader>00925njm 22002777a 4500</leader>
   <datafield ind2=" " ind1=" " tag="042">
      <subfield code="a">dc</subfield>
   </datafield>
   <datafield ind2=" " ind1=" " tag="720">
      <subfield code="a">Piñero, Pedro</subfield>
      <subfield code="e">author</subfield>
   </datafield>
   <datafield ind2=" " ind1=" " tag="720">
      <subfield code="a">Agustí, Jordi</subfield>
      <subfield code="e">author</subfield>
   </datafield>
   <datafield ind2=" " ind1=" " tag="720">
      <subfield code="a">Oms Llobet, Oriol</subfield>
      <subfield code="e">author</subfield>
   </datafield>
   <datafield ind2=" " ind1=" " tag="720">
      <subfield code="a">Blain, Hugues Alexandre</subfield>
      <subfield code="e">author</subfield>
   </datafield>
   <datafield ind2=" " ind1=" " tag="720">
      <subfield code="a">Furió Bruno, Marc</subfield>
      <subfield code="e">author</subfield>
   </datafield>
   <datafield ind2=" " ind1=" " tag="720">
      <subfield code="a">Laplana Conesa, César</subfield>
      <subfield code="e">author</subfield>
   </datafield>
   <datafield ind2=" " ind1=" " tag="720">
      <subfield code="a">Sevilla García, María Paloma</subfield>
      <subfield code="e">author</subfield>
   </datafield>
   <datafield ind2=" " ind1=" " tag="720">
      <subfield code="a">Rosas González, Antonio</subfield>
      <subfield code="e">author</subfield>
   </datafield>
   <datafield ind2=" " ind1=" " tag="720">
      <subfield code="a">Vallverdú Poch, Josep</subfield>
      <subfield code="e">author</subfield>
   </datafield>
   <datafield ind2=" " ind1=" " tag="260">
      <subfield code="c">2020</subfield>
   </datafield>
   <datafield ind2=" " ind1=" " tag="520">
      <subfield code="a">In this paper, the early Pleistocene small vertebrate sequence of Quibas-Sima (Quibas karstic complex, Murcia, SE Spain) is presented. The available magnetostratigraphic information together with the small vertebrate association, allow to reliably constrain the age of the different units. The basal unit of the section has recorded a reversed polarity assigned to the pre-Jaramillo Matuyama (C1r.2r, i.e., between 1.2 and 1.07 Ma). The intermediate units have recorded a normal polarity correlated directly with the Jaramillo subchron (C1r.1n, between 1.07 and 0.99 Ma), while the upper units record the post-Jaramillo reverse polarity (C1r.1r, i.e., between 0.99 and 0.78). Jaramillo subchron is especially significant regarding the earliest hominin dispersal in Western Europe. However, vertebrate faunas unambiguously correlatable with Jaramillo subchron are extremely rare in Europe. Thereby, the study of the Quibas-Sima sequence allows to characterize the vertebrate association synchronous to this paleomagnetic episode in southern Iberian Peninsula, and contributes to increase knowledge of the biotic and climatic events that took place in southern Europe at the beginning of the Early-Middle Pleistocene transition, prior to the Matuyama-Brunhes boundary. A continuous small vertebrate succession has been reported, including representatives of the families Bufonidae, Pelodytidae, Testudinidae, Gekkonidae, Blanidae, Lacertidae, Colubridae, Viperidae, Soricidae, Erinaceidae, Rhinolophidae, Vespertilionidae, Muridae, Gliridae, Sciuridae, Leporidae and Ochotonidae The ecological affinities of the faunal association suggest a progressive reduction in forest cover in the onset of the Jaramillo subchron.</subfield>
   </datafield>
   <datafield ind1="8" ind2=" " tag="024">
      <subfield code="a">2045-2322</subfield>
   </datafield>
   <datafield ind1="8" ind2=" " tag="024">
      <subfield code="a">10.1038/s41598-020-58404-w</subfield>
   </datafield>
   <datafield ind1="8" ind2=" " tag="024">
      <subfield code="a">https://hdl.handle.net/20.500.14352/6117</subfield>
   </datafield>
   <datafield ind1="8" ind2=" " tag="024">
      <subfield code="a">https://www.nature.com/articles/s41598-020-58404-w</subfield>
   </datafield>
   <datafield ind2="0" ind1="0" tag="245">
      <subfield code="a">First continuous pre-Jaramillo to Jaramillo terrestrial vertebrate succession from Europe</subfield>
   </datafield>
</record></metadata></record></GetRecord></OAI-PMH>